header

Maximizing U.S. interests in science and technology relations with Japan (Record no. 34110)

MARC details
000 -LEADER
fixed length control field 01433nam a2200325Ia 4500
082 04 - DEWEY DECIMAL CLASSIFICATION NUMBER
Classification number 382/.0952073
245 00 - TITLE STATEMENT
Title Maximizing U.S. interests in science and technology relations with Japan
260 ## - PUBLICATION, DISTRIBUTION, ETC. (IMPRINT)
Place of publication Washington, D.C. :
Name of publisher National Academy Press,
Year of publication 1995.
300 ## - PHYSICAL DESCRIPTION
Number of Pages 126 p.
650 #0 - SUBJECT ADDED ENTRY--TOPICAL TERM
Topical Term Science.
Topical Term Technology.
856 40 - ELECTRONIC LOCATION AND ACCESS
Uniform Resource Identifier http://site.ebrary.com/lib/rucke/Doc?id=10072125

No items available.

© 2026 Rongo University
Contact us: librarian | system librarian | Rongo university